000 00353nam a2200145Ia 4500
008 230312s9999||||xx |||||||||||||| ||und||
020 _a1-4051-9198-2
082 _a791.4372
_bHEL-H
100 _aHeller;Dana
245 0 _aHairspray
260 _bWiley-Blackwell
_aIndia
_c2011
300 _a159
650 _aMass com
_vMass Communication
942 _cBK
999 _c11441
_d11441